000 00485nam a2200169Ia 4500
008 090201s9999 xx 000 0 und d
010 _aKPL-35227
040 _bमराठी
041 _aमराठी
082 _a19973
_b35227
100 _aना. रा. आचार्य
245 _aहितोपदेश
_cना. रा. आचार्य
260 _c2004
_bअबक
300 _a262
_bमोठा
600 _aहितोपदेश
942 _cBOOK
999 _c219781
_d219781